|
|
|
|
| LEADER |
00000nam0a2200000 4500 |
| 001 |
113946 |
| 005 |
20231031122045.0 |
| 010 |
|
|
|a 5120013511
|
| 035 |
|
|
|a (RuTPU)RU\TPU\book\123218
|
| 090 |
|
|
|a 113946
|
| 100 |
|
|
|a 20070418d1990 k y0rusy50 ca
|
| 101 |
0 |
|
|a rus
|
| 102 |
|
|
|a UA
|
| 105 |
|
|
|a a z 001zy
|
| 200 |
1 |
|
|a Спектральные и очаговые параметры землетрясений Крыма
|f Б. Г. Пустовитенко, Т. А. Пантелеева
|g Академия наук Украинской ССР, Институт геофизики ; под ред. Н. В. Кондорской
|
| 210 |
|
|
|a Киев
|c Наукова думка
|d 1990
|
| 215 |
|
|
|a 252 с.
|c ил.
|
| 320 |
|
|
|a Библиогр.: с. 130-134.
|
| 610 |
1 |
|
|a землетрясения
|
| 610 |
1 |
|
|a Крымский полуостров
|
| 610 |
1 |
|
|a спектральные параметры
|
| 610 |
1 |
|
|a очаговые параметры
|
| 610 |
1 |
|
|a получение
|
| 610 |
1 |
|
|a характеристики очагов
|
| 675 |
|
|
|a 550.348.436.098
|v 3
|
| 700 |
|
1 |
|a Пустовитенко
|b Б. Г.
|g Белла Гавриловна
|
| 701 |
|
1 |
|a Пантелеева
|b Т. А.
|g Татьяна Аркадьевна
|
| 702 |
|
1 |
|a Кондорская
|b Н. В.
|4 340
|
| 712 |
0 |
2 |
|a Академия наук Украинской ССР
|b Институт геофизики
|2 stltpush
|3 (RuTPU)RU\TPU\col\11281
|
| 801 |
|
1 |
|a RU
|b 63413507
|c 20070418
|g PSBO
|
| 801 |
|
2 |
|a RU
|b 63413507
|c 20080401
|g PSBO
|
| 942 |
|
|
|c BK
|